000 00479nam a2200169Ia 4500
008 090711s9999 xx 000 0 und d
082 _b40434
100 _aकर्णिक मधुकर रा.
245 _aरु पाली
260 _c1978
300 _a146
600 _aकर्णिक मधुकर रा.
630 _aरु पाली
700 _aकर्णिक मधुकर रा.
730 _aरु पाली
942 _cBOOK
999 _c293659
_d293659